LEADER 00988cam0 22002891 450 001 SOBE00082368 005 20250327085053.0 100 $a20250327f0000 |||||ita|0103 ba 101 $aita 102 $aIT 200 1 $aMonet$fa cura di Raymond Cogniat 210 $aNovara$cIstituto Geografico De Agostini$d[dopo il 1945] 215 $a44 p.$cin gran parte ill.$d17 cm 225 2 $aMiniature Hyperion 410 1$1001SOBE00082369$12001 $a*Miniature Hyperion 500 10$aMonet$3SOBA00032830$91080113 700 1$aMonet$b, Claude$3AF00011794$4070$0212987 702 1$aCognait, Raymond$3SOBA00032829$4070 801 0$aIT$bUNISOB$c20250327$gRICA 850 $aUNISOB 852 $aUNISOB$jFondo|Calì$m182317 912 $aSOBE00082368 940 $aM 102 Monografia moderna SBN 941 $aM 957 $aFondo|Calì$b000112$gSI$d182317$n20250313$hCali$rDono$tI$1rovito$2UNISOB$3UNISOB$420250327084100.0$520250327084139.0$6rovito 996 $aMonet$91080113 997 $aUNISOB